000 00735nam a2200265Ia 4500
003 OSt
005 20221006144805.0
006 a|||||r|||| 00| 0
007 ta
008 221006b |||||||| |||| 00| 0 kor d
020 _cW25,000
024 _a12,739
037 _bGift, Korea Foundation
_cTextual
040 _aEASL
_cEASL
_bkor
041 _2kor
_akor
082 _aV495, 495N5
100 _aKIM Un-Tae Au.
_9652882
245 0 _aJoseon wangjo jaongchi haeng-jeongsa (Geunsepyun)
260 _aSeoul
_bBagyongsa Korea
_c1995
300 _a711p.
_ccm.
490 _v KL
650 _aHistory
942 _hV495, 495N5
_cTEXL
_2CC
999 _c1080825
_d1080825